000 01092cam a22002771 4500
001 he 68003915
003 DLC
005 20260227111507.0
008 890501s1966 is 000 0 eng
010 _ahe 68003915
020 _cIL15.00
040 _aDLC
_cDLC
_dDLC
050 0 0 _aBS1193
_b.P47
100 1 _aPerlman, Robert Odehyah.
245 1 4 _aThe heritage of Biblical achievements
_c[by] Robert Odehjah Perlman and Assya Malkiely Perlman.
260 _aJerusalem,
_bJerusalem Institute,
_c1966]
300 _a3 v. in 1.
_c22 cm.
500 _aAdded t.p.: Sefer pitronot ha-Tanakh.
500 _aAt head of title: The Jerusalem Institute guidebook.
505 0 _av. 1. The Biblical system of personality development. Advanced practical training for HIAE teachers.--v. 2. Inner personality development.--v. 3. Ḥinukh Yehudi li-mevugarim.
630 0 0 _aBible.
_pOld Testament
_xOutlines, syllabi, etc.
700 2 _aMalkiely-Perlman, Assya,
_ejoint author.
740 0 _aSefer pitronot ha-Tanakh.
740 0 _aPitronot ha-Tanakh.
740 0 _aJerusalem Institute guidebook.
999 _c34018
_d34018